Đánh giá chất lượng nước sinh hoạt tại Khu vực 6, phường Hưng Phú, Quận Cái Răng, Thành phố Cần Thơ : Luận văn tốt nghiệp đại học chuyên ngành Khoa học Môi trường

Đề tài phân tích một số chỉ tiêu chất lượng nước đối với nước lưu trữ tại nhà các hộ dân trong khu vực nghiên cứu và nước tại nhà máy Hưng Phú

Sparad:
Bibliografiska uppgifter
Huvudupphovsman: Trần, Hồng Phước Tài
Materialtyp: Bok
Språk:Undetermined
Publicerad: Cần Thơ Trường Đại học Cần Thơ 2009
Ämnen:
Taggar: Lägg till en tagg
Inga taggar, Lägg till första taggen!
Thư viện lưu trữ: Trung tâm Học liệu Trường Đại học Cần Thơ
LEADER 01272nam a2200217Ia 4500
001 CTU_165068
008 210402s9999 xx 000 0 und d
082 |a 363.61 
082 |b T103 
100 |a Trần, Hồng Phước Tài 
245 0 |a Đánh giá chất lượng nước sinh hoạt tại Khu vực 6, phường Hưng Phú, Quận Cái Răng, Thành phố Cần Thơ : 
245 0 |b Luận văn tốt nghiệp đại học chuyên ngành Khoa học Môi trường 
245 0 |c Trần Hồng Phước Tài ; Bùi Thị Nga, Nguyễn Thị Như Ngọc (Cán bộ hướng dẫn) 
260 |a Cần Thơ 
260 |b Trường Đại học Cần Thơ 
260 |c 2009 
520 |a Đề tài phân tích một số chỉ tiêu chất lượng nước đối với nước lưu trữ tại nhà các hộ dân trong khu vực nghiên cứu và nước tại nhà máy Hưng Phú 
650 |a Water-supply,Water quality management,Cung cấp nước,Quản lý chất lượng nguồn nước 
650 |x Management,Quản lý 
904 |i Bạch Trúc 
980 |a Trung tâm Học liệu Trường Đại học Cần Thơ